000
00209 a2200097 4500
001
28335
100
_a
Bauer, O F
245
_a
Fundamentals of Debate
260
_a
_b
Scott, Foresman
_c
090
_c
18944
_d
18944
942
_a
NUST-CAE
_c
M
_c
9940
999
_c
263408
_d
263408